[Event "IECC O-2209"]
[Site "IECC email"]
[Date "2005.05.25"]
[Round "?"]
[White "Colton, James"]
[Black "Palmer, Frederick"]
[Result "0-1"]
[WhiteElo "1442"]
[BlackElo "1391"]
[PlyCount "58"]
[EventDate "2005.??.??"]
[EventType "swiss (corr)"]
[EventRounds "2"]
[SourceTitle "Corr 2020"]
[Source "ChessBase"]
[SourceDate "2019.09.30"]
[SourceVersion "1"]
[SourceVersionDate "2019.09.30"]
[SourceQuality "1"]
[WhiteTeam "United States"]
[BlackTeam "United States"]
[WhiteTeamCountry "USA"]
[BlackTeamCountry "USA"]

1. d4 c5 2. f4 cxd4 3. Qxd4 Nc6 4. Qf2 d5 5. Nc3 Bf5 6. Qf3 Nd4 7. Qh5 Nxc2+ 8. Kd1 g6 9. Qf3 Nxa1 10. Nxd5 Nf6 11. e3 Bg4 12. Bb5+ Nd7 13. Qxg4 f5 14. Qe2 a6 15. Ba4 b5 16. Bb3 Nxb3 17. axb3 Nf6 18. Qd2 Qxd5 19. Qxd5 Nxd5 20. Nf3 Rc8 21. Re1 Bg7 22. e4 Nb4 23. Re2 Nd3 24. Be3 fxe4 25. Ng5 Nxb2+ 26. Ke1 Nd3+ 27. Kf1 0-0 28. Rd2 Rc1+ 29. Ke2 Re1# 0-1